[Event "Africa-ch"]
[Site "Cairo"]
[Date "2025.05.19"]
[Round "8"]
[White "Ebosse, Kingue Victor"]
[Black "Kandil, Ahmed"]
[Result "0-1"]
[WhiteElo "2002"]
[BlackElo "2289"]
[PlyCount "88"]
[EventDate "2025.05.13"]
[EventType "swiss"]
[EventRounds "9"]
[EventCountry "EGY"]
[SourceTitle "CB22_2025"]
[SourceDate "2025.05.28"]
[SourceVersion "1"]
[SourceVersionDate "2025.05.28"]
[SourceQuality "1"]

1. Nf3 Nf6 2. d4 h6 3. e3 g6 4. Bd3 d5 5. Nbd2 Bg7 6. b3 0-0 7. Bb2 a5 8. a3 Nbd7 9. 0-0 c5 10. c4 dxc4 11. Nxc4 b5 12. Nce5 Qb6 13. Qc2 Bb7 14. Rfc1 Rac8 15. Qe2 b4 16. Nc4 Qc7 17. axb4 axb4 18. e4 Nh5 19. g3 cxd4 20. Na5 Qb6 21. Nxb7 Qxb7 22. Rxc8 Qxc8 23. e5 Nb6 24. Bxd4 Nd5 25. Bc4 Rd8 26. Bxd5 Rxd5 27. Qe4 Qe6 28. Ra8+ Kh7 29. Rb8 f5 30. Qh4 Rd7 31. Rxb4 Qc6 32. Kg2 e6 33. Rb6 Qd5 34. h3 Bf8 35. Be3 f4 36. Bxf4 Rf7 37. Qg4 Ng7 38. Kh2 Qe4 39. Ng1 Qd4 40. Rxe6 Qxf2+ 41. Kh1 Nxe6 42. Qxe6 Ra7 43. Qc6 Ra2 44. g4 Qxf4 0-1

[Event "Africa-ch"]
[Site "Cairo"]
[Date "2025.05.18"]
[Round "7"]
[White "Kandil, Ahmed"]
[Black "Sayed, Hany"]
[Result "0-1"]
[WhiteElo "2289"]
[BlackElo "2033"]
[PlyCount "86"]
[EventDate "2025.05.13"]
[EventType "swiss"]
[EventRounds "9"]
[EventCountry "EGY"]
[SourceTitle "CB22_2025"]
[SourceDate "2025.05.28"]
[SourceVersion "1"]
[SourceVersionDate "2025.05.28"]
[SourceQuality "1"]

1. d4 Nf6 2. g3 d5 3. Nf3 c6 4. Bg2 h6 5. 0-0 Bf5 6. c4 e6 7. Nc3 Nbd7 8. Ne5 Nxe5 9. dxe5 Nd7 10. cxd5 cxd5 11. Qa4 a6 12. e4 b5 13. Qd1 dxe4 14. Nxe4 Nxe5 15. Bf4 Nd3 16. Be3 Nxb2 17. Nf6+ Ke7 18. Qe2 Kxf6 19. Qxb2+ Kg6 20. Rad1 Qe8 21. Qe2 h5 22. h3 Kh7 23. g4 hxg4 24. hxg4 Bg6 25. f4 Kg8 26. f5 exf5 27. Bxa8 Qxa8 28. Qg2 Qxg2+ 29. Kxg2 fxg4 30. Rd8 Be4+ 31. Kg3 f5 32. Bg5 Kf7 33. Kf4 Rh5 34. Rc1 Ba3 35. Rc7+ Kg6 36. Rdd7 Bb2 37. Rd6+ Kh7 38. Rd2 Ba1 39. Be7 Rh3 40. Kg5 g3 41. Rd1 Be5 42. Rc8 g2 43. Bc5 Bf6+ 0-1

[Event "Titled Tuesday intern op 26th Nov Late"]
[Site "Chess.com INT"]
[Date "2024.11.26"]
[Round "2"]
[White "Ebrahimi Herab, Hamidreza"]
[Black "Kandil, Ahmed"]
[Result "1-0"]
[WhiteElo "2386"]
[BlackElo "2289"]
[PlyCount "145"]
[EventDate "2024.11.26"]
[EventType "swiss (blitz)"]
[EventRounds "11"]
[EventCountry "USA"]
[SourceTitle "CB49_2024"]
[SourceDate "2024.12.04"]
[SourceVersion "1"]
[SourceVersionDate "2024.12.04"]
[SourceQuality "1"]

1. d4 d5 2. c4 e6 3. Nc3 Nf6 4. cxd5 exd5 5. Bg5 c6 6. e3 h6 7. Bh4 Be7 8. Bd3 0-0 9. Nge2 Be6 10. 0-0 Nbd7 11. f3 c5 12. Bf2 Rc8 13. Kh1 Re8 14. Qd2 Bf8 15. Rad1 Qa5 16. Nxd5 Qxa2 17. Nxf6+ Nxf6 18. Ra1 Qb3 19. Rxa7 Red8 20. Raa1 Nd5 21. Bc2 Qb4 22. Qxb4 Nxb4 23. Ba4 Bc4 24. Bd1 Nd3 25. b3 Ba6 26. Bg3 cxd4 27. Nxd4 Bc5 28. Be2 Bxd4 29. exd4 Rxd4 30. Rfd1 Rcd8 31. h3 Nc5 32. Rxd4 Rxd4 33. Bf2 Rd2 34. Bxa6 Nxa6 35. Kg1 Rb2 36. Ra3 Nb4 37. Bd4 Rb1+ 38. Kh2 Nc2 39. Ra8+ Kh7 40. Be5 Rxb3 41. Rc8 Ne3 42. Rc7 Kg6 43. f4 f6 44. Bd4 Nf1+ 45. Kg1 Ng3 46. Kf2 Nf5 47. Bc5 Rb2+ 48. Kf3 Nh4+ 49. Kg4 Nxg2 50. f5+ Kh7 51. Kg3 Kg8 52. Rc8+ Kh7 53. Rc7 h5 54. Bf8 h4+ 55. Kf3 Ne1+ 56. Kg4 Rg2+ 57. Kf4 Nd3+ 58. Ke4 Nf2+ 59. Kf3 Rh2 60. Bxg7 Nxh3 61. Bxf6+ Kh6 62. Be5 Ng5+ 63. Kg4 Rg2+ 64. Kxh4 Nf3+ 65. Kh3 Rg1 66. Bf4+ Ng5+ 67. Kh4 Rh1+ 68. Kg3 Rg1+ 69. Kf2 Rb1 70. f6 Rb4 71. Kg3 Rb3+ 72. Kg4 Rb4 73. f7 1-0

[Event "Titled Tuesday intern op 06th Aug Late"]
[Site "Chess.com INT"]
[Date "2024.08.06"]
[Round "7"]
[White "Graif, William"]
[Black "Kandil, Ahmed"]
[Result "1-0"]
[WhiteElo "2206"]
[BlackElo "2154"]
[PlyCount "55"]
[EventDate "2024.08.06"]
[EventType "swiss (blitz)"]
[EventRounds "11"]
[EventCountry "USA"]
[SourceTitle "EXT 2025"]
[Source "ChessBase"]
[SourceDate "2024.10.14"]
[SourceVersion "1"]
[SourceVersionDate "2024.10.14"]
[SourceQuality "1"]

1. e4 c5 2. c3 Nf6 3. e5 Nd5 4. d4 e6 5. Nf3 d6 6. exd6 Bxd6 7. c4 Nb6 8. dxc5 Bxc5 9. Qxd8+ Kxd8 10. a3 a5 11. b3 Ke7 12. Bb2 f6 13. Nc3 Kf7 14. Ne4 Be7 15. 0-0-0 Nc6 16. c5 Nd5 17. Bc4 Rd8 18. Rd2 Bd7 19. Rhd1 Rdc8 20. Kb1 Rab8 21. Bxd5 exd5 22. Rxd5 Be6 23. Nd6+ Bxd6 24. Rxd6 Bxb3 25. R1d3 Be6 26. Re3 Nd8 27. Nd4 Bg4 28. f3 1-0

[Event "Titled Tuesday intern op 06th Aug Early"]
[Site "Chess.com INT"]
[Date "2024.08.06"]
[Round "1"]
[White "Kandil, Ahmed"]
[Black "Oparin, Grigoriy"]
[Result "0-1"]
[WhiteElo "2154"]
[BlackElo "2662"]
[PlyCount "66"]
[EventDate "2024.08.06"]
[EventType "swiss (blitz)"]
[EventRounds "11"]
[EventCountry "USA"]
[SourceTitle "EXT 2025"]
[Source "ChessBase"]
[SourceDate "2024.10.14"]
[SourceVersion "1"]
[SourceVersionDate "2024.10.14"]
[SourceQuality "1"]

1. e4 e6 2. d4 d5 3. e5 c5 4. c3 Nc6 5. Nf3 Bd7 6. Be2 Qb6 7. a3 c4 8. Nbd2 Na5 9. Rb1 0-0-0 10. b4 cxb3 11. Nxb3 Ba4 12. Nfd2 Kb8 13. 0-0 Rc8 14. Qe1 Nxb3 15. Nxb3 Qc7 16. Bd2 Bxa3 17. c4 dxc4 18. Na5 b6 19. Bf3 Ne7 20. Ra1 c3 21. Be3 Bb4 22. Rxa4 bxa5 23. Qb1 Nd5 24. Rc1 Qc6 25. Rxa5 c2 26. Qb2 Qb6 27. Rxd5 exd5 28. Bxd5 Bc3 29. Qxc2 Bxd4 30. Qd2 Rxc1+ 31. Qxc1 Bxe3 32. fxe3 Rc8 33. Qd2 Qb1+ 0-1

[Event "Titled Tuesday intern op 23rd Jul Early"]
[Site "Chess.com INT"]
[Date "2024.07.23"]
[Round "2"]
[White "Abel Mathewos, Tilahun"]
[Black "Kandil, Ahmed"]
[Result "0-1"]
[WhiteElo "1972"]
[BlackElo "2127"]
[PlyCount "58"]
[EventDate "2024.07.23"]
[EventType "swiss (blitz)"]
[EventRounds "11"]
[EventCountry "USA"]
[SourceTitle "EXT 2025"]
[Source "ChessBase"]
[SourceDate "2024.10.14"]
[SourceVersion "1"]
[SourceVersionDate "2024.10.14"]
[SourceQuality "1"]

1. d4 d5 2. c4 e6 3. Nf3 dxc4 4. e3 c5 5. Bxc4 Nf6 6. 0-0 Nbd7 7. Nc3 b6 8. Re1 Bb7 9. b3 Be7 10. Bb2 0-0 11. Rc1 Rc8 12. h3 cxd4 13. Nxd4 Ne5 14. Be2 Nd5 15. Nxd5 Qxd5 16. Bf1 Bb4 17. Re2 Rxc1 18. Qxc1 Nd3 19. Qb1 Nxb2 20. Rxb2 Bc3 21. Rc2 Bxd4 22. Rd2 e5 23. exd4 exd4 24. Qd3 Rd8 25. Qg3 Qd6 26. Qd3 Qf4 27. Rd1 h6 28. Qb5 Qe4 29. Bd3 Qxg2# 0-1

[Event "Titled Tuesday intern op 23rd Jul Early"]
[Site "Chess.com INT"]
[Date "2024.07.23"]
[Round "11"]
[White "Bobkov, Vadim"]
[Black "Kandil, Ahmed"]
[Result "1/2-1/2"]
[WhiteElo "2237"]
[BlackElo "2127"]
[PlyCount "135"]
[EventDate "2024.07.23"]
[EventType "swiss (blitz)"]
[EventRounds "11"]
[EventCountry "USA"]
[SourceTitle "EXT 2025"]
[Source "ChessBase"]
[SourceDate "2024.10.14"]
[SourceVersion "1"]
[SourceVersionDate "2024.10.14"]
[SourceQuality "1"]

1. d4 Nf6 2. Bg5 Ne4 3. Bf4 d5 4. e3 c5 5. c3 e6 6. Nf3 Nc6 7. Nbd2 Nxd2 8. Qxd2 Bd6 9. Bxd6 Qxd6 10. Bd3 0-0 11. 0-0 e5 12. dxe5 Nxe5 13. Nxe5 Qxe5 14. Bc2 Bf5 15. Bb3 Rad8 16. Rad1 Be6 17. Rfe1 h6 18. Qc1 Rfe8 19. Rd2 Qg5 20. Red1 Bh3 21. f4 Qg6 22. Rf2 Be6 23. Rfd2 Bg4 24. Re1 Bf3 25. Bc2 Be4 26. Red1 Bxc2 27. Qxc2 Qxc2 28. Rxc2 Rxe3 29. Rcd2 b6 30. Kf2 Re4 31. Kf3 Rde8 32. Rxd5 Re2 33. Rd8 R2e3+ 34. Kg4 g6 35. Rxe8+ Rxe8 36. Kf3 Re7 37. g4 Kg7 38. h4 Rb7 39. a4 b5 40. a5 b4 41. c4 b3 42. Rd5 Rb4 43. Rxc5 Ra4 44. Ke3 Ra2 45. Rb5 Rxb2 46. Kd4 Rf2 47. c5 Rxf4+ 48. Kd5 Rxg4 49. c6 Rg1 50. c7 Rc1 51. Kd6 f5 52. Kd7 f4 53. Rxb3 g5 54. hxg5 hxg5 55. c8Q Rxc8 56. Kxc8 Kf6 57. Kb7 g4 58. Kxa7 g3 59. Kb8 g2 60. Rb1 f3 61. a6 f2 62. a7 g1Q 63. Rxg1 fxg1Q 64. a8Q Qg8+ 65. Kb7 Qd5+ 66. Ka7 Qa5+ 67. Kb8 Qxa8+ 68. Kxa8 1/2-1/2

[Event "Titled Tuesday intern op 23rd Jul Early"]
[Site "Chess.com INT"]
[Date "2024.07.23"]
[Round "3"]
[White "Kandil, Ahmed"]
[Black "Timerkhanov, Alexander"]
[Result "1-0"]
[WhiteElo "2127"]
[BlackElo "2307"]
[PlyCount "97"]
[EventDate "2024.07.23"]
[EventType "swiss (blitz)"]
[EventRounds "11"]
[EventCountry "USA"]
[SourceTitle "EXT 2025"]
[Source "ChessBase"]
[SourceDate "2024.10.14"]
[SourceVersion "1"]
[SourceVersionDate "2024.10.14"]
[SourceQuality "1"]

1. d4 d5 2. Nf3 Nf6 3. e3 Bf5 4. Bd3 Bxd3 5. cxd3 e6 6. 0-0 Nbd7 7. Nbd2 Bd6 8. e4 Be7 9. e5 Ng8 10. Nb3 g5 11. Be3 h5 12. Rc1 Nh6 13. Qd2 Rg8 14. h4 g4 15. Ng5 Nf5 16. g3 c6 17. Bf4 Qb6 18. Nc5 Nxc5 19. dxc5 Bxc5 20. Nh7 Be7 21. Kh1 0-0-0 22. Bg5 Bxg5 23. Nxg5 Rd7 24. b4 Kb8 25. a4 Rc8 26. Rc5 Nd4 27. Qc3 Nf5 28. d4 a6 29. Rc1 Qd8 30. b5 Rdc7 31. bxa6 bxa6 32. Rb1+ Ka7 33. Ra5 Rb7 34. Rxb7+ Kxb7 35. Nxf7 Qb6 36. Rc5 Qb1+ 37. Kg2 Qe4+ 38. Kh2 Nxd4 39. Nd6+ Kb6 40. Nxe4 Nf3+ 41. Kg2 dxe4 42. Qb4+ Ka7 43. Qxe4 Nd2 44. Qe3 Rd8 45. Rxc6+ Kb7 46. Rd6 Nc4 47. Qb3+ Nb6 48. Qxb6+ Kc8 49. Rxd8# 1-0

[Event "Titled Tuesday intern op 16th Jul Early"]
[Site "Chess.com INT"]
[Date "2024.07.16"]
[Round "8"]
[White "Kandil, Ahmed"]
[Black "Williams, Simon Kim"]
[Result "0-1"]
[WhiteElo "2127"]
[BlackElo "2450"]
[PlyCount "68"]
[EventDate "2024.07.16"]
[EventType "swiss (blitz)"]
[EventRounds "11"]
[EventCountry "USA"]
[SourceTitle "EXT 2025"]
[Source "ChessBase"]
[SourceDate "2024.10.14"]
[SourceVersion "1"]
[SourceVersionDate "2024.10.14"]
[SourceQuality "1"]

1. e4 c5 2. Nf3 d6 3. d4 cxd4 4. Nxd4 Nf6 5. Nc3 g6 6. Be3 a6 7. f3 Bg7 8. Qd2 h5 9. 0-0-0 b5 10. Kb1 Bb7 11. h3 h4 12. Bd3 Nbd7 13. Rhe1 Rc8 14. Bf2 Rh5 15. f4 Kf8 16. Be2 Rhc5 17. e5 Ne4 18. Nxe4 Bxe4 19. Bg4 d5 20. Rxe4 dxe4 21. Nb3 Rxc2 22. Qxd7 Qxd7 23. Bxd7 Rxf2 24. Bxc8 Bh6 25. Bxa6 Bxf4 26. Bxb5 Bxe5 27. Rd2 Rf6 28. Re2 Rb6 29. a4 f5 30. Nc5 Kf7 31. Nd7 Rb7 32. Nxe5+ Kf6 33. Nc4 g5 34. Na5 Rc7 0-1

[Event "Titled Tuesday intern op 16th Jul Late"]
[Site "Chess.com INT"]
[Date "2024.07.16"]
[Round "7"]
[White "Molinaroli, Martin"]
[Black "Kandil, Ahmed"]
[Result "0-1"]
[WhiteElo "2148"]
[BlackElo "2127"]
[PlyCount "82"]
[EventDate "2024.07.16"]
[EventType "swiss (blitz)"]
[EventRounds "11"]
[EventCountry "USA"]
[SourceTitle "EXT 2025"]
[Source "ChessBase"]
[SourceDate "2024.10.14"]
[SourceVersion "1"]
[SourceVersionDate "2024.10.14"]
[SourceQuality "1"]

1. b3 c5 2. Bb2 d5 3. e3 Nc6 4. Nf3 Qc7 5. Bb5 a6 6. Bxc6+ bxc6 7. 0-0 Nf6 8. d3 g6 9. Nbd2 Bg7 10. e4 0-0 11. Re1 Rd8 12. e5 Nh5 13. Nf1 Nf4 14. Ng3 h5 15. Bc1 Ne6 16. Bb2 a5 17. a3 a4 18. bxa4 Rxa4 19. h3 Ra8 20. Qe2 Nf4 21. Qd2 Ne6 22. a4 Bd7 23. Ng5 Nxg5 24. Qxg5 Rdb8 25. Bc3 d4 26. Bd2 Rb2 27. Qxe7 Bf8 28. Qf6 Rxc2 29. Bf4 Be6 30. Nxh5 gxh5 31. Qg5+ Bg7 32. Qxh5 Qd7 33. Bh6 Bxh6 34. Qxh6 Bf5 35. Qg5+ Bg6 36. e6 Qd5 37. exf7+ Kg7 38. f8Q+ Rxf8 39. Re7+ Rf7 40. Rae1 Rcxf2 41. Kh1 Qxg5 0-1

[Event "Titled Tuesday intern op 16th Jul Late"]
[Site "Chess.com INT"]
[Date "2024.07.16"]
[Round "3"]
[White "Shapiro, David"]
[Black "Kandil, Ahmed"]
[Result "1-0"]
[WhiteElo "2376"]
[BlackElo "2127"]
[PlyCount "135"]
[EventDate "2024.07.16"]
[EventType "swiss (blitz)"]
[EventRounds "11"]
[EventCountry "USA"]
[SourceTitle "EXT 2025"]
[Source "ChessBase"]
[SourceDate "2024.10.14"]
[SourceVersion "1"]
[SourceVersionDate "2024.10.14"]
[SourceQuality "1"]

1. d4 Nf6 2. Nc3 d5 3. Bf4 e6 4. Nb5 Na6 5. e3 Be7 6. Nf3 0-0 7. Ne5 c5 8. c3 Nb8 9. Nd3 Na6 10. a4 Bd7 11. Ne5 Be8 12. Bd3 cxd4 13. exd4 Nb8 14. Qf3 a6 15. Na3 Nc6 16. Qh3 g6 17. Bh6 Nxe5 18. dxe5 Nd7 19. Bxf8 Bxf8 20. Qe3 Qc7 21. f4 Nc5 22. Bc2 Nxa4 23. Bxa4 Bxa4 24. Qd2 Bc5 25. Nc2 Bb5 26. Nd4 Bxd4 27. Qxd4 Rc8 28. Kf2 Qc4 29. Qxc4 Rxc4 30. Kg3 Kg7 31. Rhd1 Rc7 32. Kf2 f6 33. exf6+ Kxf6 34. Rd4 Rc6 35. Re1 Bc4 36. g4 Rb6 37. g5+ Kf7 38. b4 Rc6 39. Re3 b5 40. Rh3 Kg7 41. Ke3 Rc7 42. Rd2 Bb3 43. Kd4 Rc4+ 44. Ke5 Re4+ 45. Kd6 Rxf4 46. Re3 Rg4 47. Re5 h6 48. gxh6+ Kxh6 49. Rd4 Rg2 50. h4 Rc2 51. Re3 Rf2 52. Kxe6 Rf5 53. Re5 Rf3 54. Rg5 Re3+ 55. Kd6 Rxc3 56. Rdg4 Bc2 57. Kxd5 Bf5 58. Rd4 Re3 59. Kc5 Re5+ 60. Kb6 Re6+ 61. Ka5 Rc6 62. Rg3 Kh5 63. Rg5+ Kh6 64. Rg3 Re6 65. Rc3 Kh5 66. Rc5 Rf6 67. Rc7 Re6 68. Rh7# 1-0

[Event "Chess.com Speed Play In"]
[Site "Chess.com INT"]
[Date "2024.06.27"]
[Round "3"]
[White "Kandil, Ahmed"]
[Black "Cardoso Cardoso, Jose Gabriel"]
[Result "0-1"]
[WhiteElo "2069"]
[BlackElo "2497"]
[PlyCount "100"]
[EventDate "2024.06.27"]
[EventType "swiss (blitz)"]
[EventRounds "11"]
[EventCountry "USA"]
[SourceTitle "CBM 220 Extra"]
[Source "ChessBase"]
[SourceDate "2024.07.31"]
[SourceVersion "1"]
[SourceVersionDate "2024.07.31"]
[SourceQuality "1"]

1. e4 g6 2. d4 Bg7 3. Nc3 d6 4. Be3 a6 5. a4 b6 6. Qd2 Bb7 7. Nf3 e6 8. Be2 Nd7 9. 0-0 h6 10. Rad1 Ne7 11. b4 g5 12. h3 Ng6 13. Nh2 Nf6 14. f3 Nh5 15. Rde1 0-0 16. Bc4 Kh7 17. Ne2 Qd7 18. a5 b5 19. Bd3 f5 20. exf5 exf5 21. f4 gxf4 22. Nxf4 Nhxf4 23. Bxf4 Bxd4+ 24. Kh1 Rae8 25. Rxe8 Qxe8 26. Bxh6 Nh4 27. Bxf8 Bxg2+ 28. Qxg2 Nxg2 29. Kxg2 Qa8+ 30. Rf3 Qxf8 31. Rxf5 Qa8+ 32. Nf3 Kg7 33. Rg5+ Kf7 34. Kg3 Bf6 35. Rf5 Qa7 36. Ng5+ Ke7 37. Ne4 Qg1+ 38. Kf3 Be5 39. Rg5 Qh1+ 40. Ke2 Qxh3 41. Nf2 Qh4 42. Rg4 Qh2 43. Ke3 c5 44. bxc5 dxc5 45. Ne4 c4 46. Be2 Qh6+ 47. Kf3 Qh3+ 48. Kf2 Bd4+ 49. Ke1 Qe3 50. Nd2 Bc3 0-1

[Event "Chess.com Speed Play In"]
[Site "Chess.com INT"]
[Date "2024.06.27"]
[Round "5"]
[White "Kandil, Ahmed"]
[Black "Persson, Richard"]
[Result "1/2-1/2"]
[WhiteElo "2069"]
[BlackElo "2106"]
[PlyCount "73"]
[EventDate "2024.06.27"]
[EventType "swiss (blitz)"]
[EventRounds "11"]
[EventCountry "USA"]
[SourceTitle "CBM 220 Extra"]
[Source "ChessBase"]
[SourceDate "2024.07.31"]
[SourceVersion "1"]
[SourceVersionDate "2024.07.31"]
[SourceQuality "1"]

1. Nf3 d5 2. g3 Nf6 3. Bg2 e6 4. 0-0 Be7 5. d4 0-0 6. c4 dxc4 7. Qc2 b5 8. Ne5 c6 9. Nxc6 Nxc6 10. Bxc6 Bd7 11. Bxa8 Qxa8 12. Bg5 h6 13. Bxf6 Bxf6 14. Rd1 Rc8 15. Nc3 Bc6 16. e4 b4 17. d5 bxc3 18. dxc6 cxb2 19. Rab1 c3 20. Rd6 Be5 21. Rd3 Qxc6 22. f4 Bf6 23. e5 Be7 24. h3 g5 25. Kh2 Qc4 26. Rf1 a5 27. a4 Bb4 28. fxg5 hxg5 29. Rdf3 Rc7 30. R1f2 Qa2 31. Rxf7 Rxf7 32. Qg6+ Rg7 33. Qe8+ Kh7 34. Qh5+ Kg8 35. Qe8+ Kh7 36. Qh5+ Kg8 37. Qe8+ 1/2-1/2

[Event "Titled Tuesday intern op 25th Jun Early"]
[Site "Chess.com INT"]
[Date "2024.06.25"]
[Round "2"]
[White "Kandil, Ahmed"]
[Black "Montano Vicente, Guadalupe"]
[Result "1-0"]
[WhiteElo "2069"]
[BlackElo "1971"]
[PlyCount "95"]
[EventDate "2024.06.25"]
[EventType "swiss (blitz)"]
[EventRounds "11"]
[EventCountry "USA"]
[SourceTitle "EXT 2025"]
[Source "ChessBase"]
[SourceDate "2024.10.14"]
[SourceVersion "1"]
[SourceVersionDate "2024.10.14"]
[SourceQuality "1"]

1. Nf3 c5 2. g3 d5 3. Bg2 Nc6 4. d4 cxd4 5. Nxd4 e5 6. Nxc6 bxc6 7. c4 Be6 8. 0-0 Bc5 9. Qc2 Rc8 10. Rd1 Ne7 11. Nc3 0-0 12. Ne4 Bd4 13. e3 dxe4 14. exd4 exd4 15. Bxe4 f5 16. Bg2 c5 17. Bg5 Bf7 18. Re1 Rc7 19. Rxe7 Rxe7 20. Qxf5 Bxc4 21. Qxc5 Rc7 22. Bxd8 Rxc5 23. Be7 Rb5 24. Bxf8 Kxf8 25. b3 Be6 26. Rd1 Ra5 27. Rxd4 Rxa2 28. Bd5 Ra1+ 29. Kg2 Bxd5+ 30. Rxd5 Rb1 31. Rd7 Rxb3 32. Rxa7 h6 33. h4 Kg8 34. Kh3 Kh7 35. Kg4 Rb4+ 36. f4 Kg6 37. Rc7 Rb5 38. h5+ Kh7 39. Re7 Rd5 40. Re5 Rd3 41. Re6 Rd5 42. Rg6 Rc5 43. Ra6 Rd5 44. Kh4 Rc5 45. g4 Rc4 46. f5 Rf4 47. Ra7 Rf1 48. Kg3 1-0

[Event "Titled Tuesday intern op 25th Jun Late"]
[Site "Chess.com INT"]
[Date "2024.06.25"]
[Round "1"]
[White "Kandil, Ahmed"]
[Black "Salinas Herrera, Pablo Patricio"]
[Result "0-1"]
[WhiteElo "2069"]
[BlackElo "2485"]
[PlyCount "56"]
[EventDate "2024.06.25"]
[EventType "swiss (blitz)"]
[EventRounds "11"]
[EventCountry "USA"]
[SourceTitle "EXT 2025"]
[Source "ChessBase"]
[SourceDate "2024.10.14"]
[SourceVersion "1"]
[SourceVersionDate "2024.10.14"]
[SourceQuality "1"]

1. e4 c5 2. Nc3 e6 3. Nf3 a6 4. d4 cxd4 5. Nxd4 Qc7 6. g3 b5 7. Bg2 Bb7 8. a3 d6 9. 0-0 Nf6 10. Be3 Nbd7 11. h3 Be7 12. Kh2 0-0 13. f4 Nc5 14. e5 dxe5 15. fxe5 Nfd7 16. Bf4 Bxg2 17. Kxg2 Rad8 18. Qe2 Nb6 19. Kh2 Rxd4 20. Be3 Rd7 21. Rad1 Rxd1 22. Rxd1 Nc4 23. Bg1 Nxb2 24. Rd4 Nca4 25. Ne4 Nc3 26. Qh5 Nxe4 27. Rxe4 g6 28. Re2 gxh5 0-1

[Event "Africa-ch U16"]
[Site "Johannesburg"]
[Date "2024.06.22"]
[Round "9"]
[White "Soojay, Jorah"]
[Black "Kandil, Ahmed"]
[Result "1/2-1/2"]
[WhiteElo "1960"]
[BlackElo "2069"]
[PlyCount "67"]
[EventDate "2024.06.16"]
[EventType "swiss"]
[EventRounds "9"]
[EventCountry "RSA"]
[SourceTitle "EXT 2025"]
[Source "ChessBase"]
[SourceDate "2024.10.14"]
[SourceVersion "1"]
[SourceVersionDate "2024.10.14"]
[SourceQuality "1"]

1. f4 d5 2. Nf3 Bf5 3. e3 e6 4. b3 Nf6 5. Bb2 h6 6. Be2 Be7 7. 0-0 Bh7 8. d3 Nbd7 9. Ne5 Nxe5 10. Bxe5 0-0 11. Qe1 Nd7 12. Bb2 Bf6 13. Nc3 c6 14. Kh1 b5 15. Bf3 b4 16. Nd1 Bxb2 17. Nxb2 a5 18. g4 f5 19. gxf5 exf5 20. d4 Qe7 21. Qd2 Kh8 22. Nd3 Rae8 23. Rae1 Qd6 24. c3 c5 25. dxc5 Nxc5 26. Nxc5 Qxc5 27. cxb4 axb4 28. Qxd5 Qa7 29. Qd2 Rd8 30. Qxb4 Qxa2 31. Re2 Qa7 32. Rc1 Bg8 33. Rc6 Qa1+ 34. Kg2 1/2-1/2

[Event "Africa-ch U16"]
[Site "Johannesburg"]
[Date "2024.06.17"]
[Round "3"]
[White "Kandil, Ahmed"]
[Black "Baruch, Liam"]
[Result "1-0"]
[WhiteElo "2069"]
[BlackElo "1857"]
[PlyCount "87"]
[EventDate "2024.06.16"]
[EventType "swiss"]
[EventRounds "9"]
[EventCountry "RSA"]
[SourceTitle "EXT 2025"]
[Source "ChessBase"]
[SourceDate "2024.10.14"]
[SourceVersion "1"]
[SourceVersionDate "2024.10.14"]
[SourceQuality "1"]

1. e4 e5 2. Nf3 Nc6 3. Bb5 a6 4. Ba4 Nf6 5. 0-0 b5 6. Bb3 Bc5 7. a4 Rb8 8. c3 d6 9. d4 Bb6 10. a5 Ba7 11. h3 0-0 12. Be3 Ra8 13. Nbd2 h6 14. g4 exd4 15. cxd4 Nb4 16. g5 Bxh3 17. gxf6 Qxf6 18. Kh2 Bxf1 19. Qxf1 c5 20. dxc5 dxc5 21. Bd5 Nxd5 22. exd5 Rad8 23. Qh3 Rfe8 24. Rg1 Bb8+ 25. Kh1 Bf4 26. Bxf4 Qxf4 27. Rg4 Qf6 28. Ne4 Qxb2 29. Qh4 Kf8 30. d6 c4 31. Nfg5 Kg8 32. Ne6 fxe6 33. Nf6+ Kh8 34. Nxe8 Rd7 35. Kg2 Qe5 36. Nxg7 Kh7 37. Ne8 Rf7 38. d7 Qd5+ 39. Kh2 Qe5+ 40. f4 Rxf4 41. Rxf4 Qe2+ 42. Rf2 Qe5+ 43. Kg1 Qe1+ 44. Kg2 1-0

[Event "Titled Tuesday intern op 04th Jun Early"]
[Site "Chess.com INT"]
[Date "2024.06.04"]
[Round "2"]
[White "Kandil, Ahmed"]
[Black "Pahomov, Ruslan"]
[Result "1-0"]
[WhiteElo "2069"]
[BlackElo "2191"]
[PlyCount "69"]
[EventDate "2024.06.04"]
[EventType "swiss (blitz)"]
[EventRounds "11"]
[EventCountry "USA"]
[SourceTitle "EXT 2025"]
[Source "ChessBase"]
[SourceDate "2024.10.14"]
[SourceVersion "1"]
[SourceVersionDate "2024.10.14"]
[SourceQuality "1"]

1. d4 Nf6 2. Nf3 g6 3. Bf4 Bg7 4. e3 0-0 5. h3 d6 6. Be2 Nc6 7. Nbd2 Nh5 8. Bh2 e5 9. 0-0 exd4 10. exd4 Re8 11. c3 Qf6 12. Bd3 Nf4 13. Ne4 Rxe4 14. Bxe4 Bd7 15. Re1 h5 16. Bxf4 Qxf4 17. Qd2 Qf6 18. Qg5 Qxg5 19. Nxg5 Bf6 20. Nf3 Kg7 21. Re2 g5 22. Nd2 g4 23. hxg4 hxg4 24. Rae1 Rh8 25. Bxc6 Bxc6 26. Ne4 Bd8 27. Ng3 Kg6 28. c4 Bd7 29. d5 f5 30. Nf1 Bf6 31. g3 Kg5 32. Ne3 Bd4 33. Ng2 Rh3 34. Re7 Bc8 35. Rxc7 1-0

[Event "Titled Tuesday intern op 04th Jun Early"]
[Site "Chess.com INT"]
[Date "2024.06.04"]
[Round "1"]
[White "Nepomniachtchi, Ian"]
[Black "Kandil, Ahmed"]
[Result "1-0"]
[WhiteElo "2770"]
[BlackElo "2069"]
[PlyCount "49"]
[EventDate "2024.06.04"]
[EventType "swiss (blitz)"]
[EventRounds "11"]
[EventCountry "USA"]
[SourceTitle "EXT 2025"]
[Source "ChessBase"]
[SourceDate "2024.10.14"]
[SourceVersion "1"]
[SourceVersionDate "2024.10.14"]
[SourceQuality "1"]

1. e4 e5 2. f4 exf4 3. Nf3 h6 4. d4 g5 5. g3 fxg3 6. hxg3 Bg7 7. Nc3 d6 8. Be3 Nc6 9. Qd2 Bg4 10. Be2 Nge7 11. 0-0-0 d5 12. Nxg5 Bxe2 13. Nxf7 Kxf7 14. Qxe2 Qd6 15. exd5 Nxd5 16. Qh5+ Ke6 17. Ne4 Qe7 18. Nc5+ Kd6 19. Nxb7+ Ke6 20. Rhe1 Nxe3 21. Rxe3+ Ne5 22. Rxe5+ Bxe5 23. Qxe5+ Kd7 24. Nc5+ Kd8 25. Qxh8+ 1-0

[Event "Titled Tuesday intern op 04th Jun Early"]
[Site "Chess.com INT"]
[Date "2024.06.04"]
[Round "4"]
[White "Stojanovski, Sandi"]
[Black "Kandil, Ahmed"]
[Result "0-1"]
[WhiteElo "2169"]
[BlackElo "2069"]
[PlyCount "58"]
[EventDate "2024.06.04"]
[EventType "swiss (blitz)"]
[EventRounds "11"]
[EventCountry "USA"]
[SourceTitle "EXT 2025"]
[Source "ChessBase"]
[SourceDate "2024.10.14"]
[SourceVersion "1"]
[SourceVersionDate "2024.10.14"]
[SourceQuality "1"]

1. d3 Nf6 2. Nf3 g6 3. g3 Bg7 4. Bg2 0-0 5. 0-0 d5 6. c4 dxc4 7. dxc4 Qxd1 8. Rxd1 Be6 9. Na3 Nc6 10. Ng5 Rad8 11. Bf4 Nh5 12. Nxe6 fxe6 13. Rxd8 Rxd8 14. Rb1 Nxf4 15. gxf4 Rd2 16. e3 e5 17. Bd5+ Kf8 18. Nb5 exf4 19. exf4 Nd4 20. Nxc7 Ne2+ 21. Kf1 Nxf4 22. Ne6+ Nxe6 23. Bxe6 Bd4 24. Bd5 Rxf2+ 25. Ke1 Rxh2 26. Bxb7 Bxb2 27. c5 g5 28. Be4 g4 29. c6 Be5 0-1